[Event "FRA-chT3 Gr12 0304"]
[Site "Loire"]
[Date "2004.01.18"]
[Round "4.6"]
[White "Robinet, Olivier"]
[Black "Boutin, Bernard"]
[Result "1-0"]
[WhiteElo "1650"]
[BlackElo "1499"]
[PlyCount "85"]
[EventDate "2003.10.12"]
[EventType "team-tourn"]
[EventRounds "9"]
[EventCountry "FRA"]
[SourceTitle "EXT 2008"]
[Source "ChessBase"]
[SourceDate "2007.11.25"]
[SourceVersion "1"]
[SourceVersionDate "2007.11.25"]
[SourceQuality "1"]

1. e4 e5 2. Nf3 Nc6 3. d4 exd4 4. Bc4 d6 5. Nxd4 Ne5 6. Be2 Nf6 7. Bg5 Be7 8. Nd2 c5 9. Bb5+ Bd7 10. Bxd7+ Qxd7 11. Nf5 0-0 12. f4 Ng6 13. Qf3 Rfe8 14. 0-0-0 b5 15. g4 b4 16. e5 dxe5 17. Ne4 Qc7 18. Nxf6+ Bxf6 19. Bxf6 gxf6 20. Nd6 Rf8 21. fxe5 fxe5 22. h4 Rad8 23. Qf6 Qe7 24. g5 Qxf6 25. gxf6 Kh8 26. Rhg1 Rd7 27. h5 Rxd6 28. Rxd6 Nf4 29. Rg5 Ne6 30. Rxe5 h6 31. Rd7 Ng5 32. Rxa7 c4 33. Rae7 c3 34. bxc3 bxc3 35. a4 Nf3 36. Re3 Nd4 37. Re8 Rxe8 38. Rxe8+ Kh7 39. Re7 Kg8 40. a5 Kf8 41. a6 Nc6 42. Rc7 Nd4 43. Rc8# 1-0